| 000 | 00866nam a2200217 a 4500 | ||
|---|---|---|---|
| 999 |
_c10764 _d10764 |
||
| 001 | 10764 | ||
| 003 | BD-JhCC | ||
| 005 | 20211013134021.0 | ||
| 008 | 180905s20162003bg a|||| |||| 001 0 ben d | ||
| 020 | _a9789848980668 | ||
| 035 | _a(BD-JhCC)10764 | ||
| 040 |
_aBD-JhCC _dBD-JhCC |
||
| 041 | _aben | ||
| 082 |
_a005.133 _bHOS 2016 |
||
| 100 | _aহোসেন, মোহাম্মদ মোক্তার | ||
| 245 |
_aসি প্রোগ্রামিং (বেসিক ও এ্যডভান্সড) / _cমোহাম্মদ মোক্তার হোসেন, |
||
| 260 |
_aঢাকা : _bসিসটেক পাবলিকেশন্স লিমিটেড, _c২০১৬ |
||
| 300 |
_a৮০৫ পৃ. : _bচিত্রাবলী, _c২৫ সেমি. |
||
| 650 | _aC (Computer program language) | ||
| 942 |
_2ddc _cBK _012 |
||